Flagi państw bez liter P,A,Ń,S,T,W,O - Statystyki

Ogólne statystyki
  • Ten quiz został rozwiązany 489 razy
  • Średni wynik to 11 z 12
Statystyki odpowiedzi
Obrazkowy Odpowiedź % Poprawnych
Chiny
100%
Czechy
100%
Indie
100%
Niemcy
100%
Chile
96%
Niger
89%
Fidżi
85%
Brunei
84%
Jemen
84%
Benin
79%
Burundi
78%
Belize
77%
Nie znaleziono quizów pasujących do podanych kryteriów
Rozkład punktacji
Procent ludzi z każdym wynikiem
Percentyl według liczby udzielonych odpowiedzi
Twoja historia wyników
Nie rozwiązałeś tego quizu